Wird geladen...
Man nature and environmental law
| 1. Verfasser: | |
|---|---|
| Format: | Printed Book |
| Veröffentlicht: |
RBSA Publishers, Jaipur
1988
|
| Schlagworte: |
| LEADER | 00512nam a2200193 4500 | ||
|---|---|---|---|
| 020 | |||
| 082 | |a 577.2 NAT-M | ||
| 100 | |a Nathawat, G S, Ed., et al. | ||
| 245 | |a Man nature and environmental law | ||
| 250 | |||
| 260 | |a RBSA Publishers, Jaipur |c 1988 | ||
| 300 | |||
| 490 | |||
| 500 | |||
| 590 | |a PJ | ||
| 650 | |a Specific factors affecting ecology | ||
| 942 | |c BK | ||
| 999 | |c 91302 |d 91302 | ||
| 952 | |0 0 |1 0 |4 0 |6 577_200000000000000_NATM |7 0 |9 104770 |a ZGY |b ZGY |l 0 |o 577.2 NAT-M |p ZGY03839 |r 2019-09-25 |w 2019-09-25 |y BK | ||